000 00442pab a2200169 454500
008 180718b2007 xxu||||| |||| 00| 0 eng d
100 _aRebertioux, Antoine
245 _aDoes shareholder primacy lead to a decline in managerial accountability?
260 _c2007
300 _ap.507-24.
362 _aJul
650 _aManagers
650 _aAccountability
773 _aCambridge Journal of Economics
908 _aN
909 _a76124
999 _c76124
_d76124